|
|
|
|
| LEADER |
00000nam a22000007a 4500 |
| 005 |
20220819221830.0 |
| 007 |
cr|||| |||| |
| 008 |
220819s2020 pe |||||s|||| 00||0 spa d |
| 020 |
|
|
|a 9786123251260
|
| 035 |
|
|
|a 36899
|
| 040 |
|
|
|a vLex
|
| 090 |
|
|
|c 13759
|d 13759
|
| 100 |
1 |
|
|a Ramos Nę︢z, Carlos
|
| 245 |
1 |
0 |
|a Historia del Derecho peruano
|h [Recurso electrn̤ico] /
|c Carlos Ramos Nę︢z
|
| 256 |
|
|
|a Servicio en ln̕ea
|
| 260 |
|
|
|a Lima:
|b Palestra Editores,
|c 2020
|
| 300 |
|
|
|a 1 recurso electrn̤ico
|
| 500 |
|
|
|a El libro que a continuacin̤ presentamos, “Historia del Derecho peruano” escrito por el profesor Carlos Ramos Nę︢z es un texto de naturaleza divulgativa. Diversas r̀eas del Derecho de forma general se ven desarrolladas en ľ. Es as ̕que, siguiendo un esquema histr̤ico, el libro tiene la virtud de comenzar por problematizar la existencia de un Derecho nativo prehispǹico, brindando luces y estableciendo importantes coordenadas conceptuales que sirven de reflexin̤ y como punta de lanza con la cual se da inicio a una revisin̤ sumamente interesante con respecto al Derecho precolombino, al Derecho colonial y luego al Derecho republicano, abordando -en cada capt̕ulo-, diversos aspectos medulares de la institucionalidad jurd̕ica de nuestra historia, proyectando con ello luces, incluso a los probables desarrollos de la ciencia jurd̕ica en nuestro pas̕ para las dčadas venideras.
|
| 506 |
1 |
|
|a Disponible solo en los productos indicados
|d vLex Global
|d vLex Global (Academic Edition, excluding Law Schools)
|d vLex Global (U.S. Academic Edition, Law Schools)
|d vLex Global (U.S. Academic Edition, excluding Law Schools)
|d vLex Global (Academic Edition, Law Schools)
|
| 650 |
0 |
4 |
|a Derecho Militar
|z Per︢
|
| 650 |
0 |
4 |
|a Historia y geografa̕
|z Per︢
|
| 740 |
0 |
|
|a vLex Libros (Servicio en ln̕ea)
|
| 856 |
4 |
0 |
|u https://app.vlex.com/#/sources/36899
|z Acceso restringido
|
| 942 |
|
|
|c BOOK
|
| 999 |
0 |
|
|a Military Law
|
| 999 |
0 |
|
|a History and geography
|